Normal view
MARC view
Entry Personal Name
001 - CONTROL NUMBER
- control field: 52579
003 - CONTROL NUMBER IDENTIFIER
- control field: dpl
005 - DATE AND TIME OF LATEST TRANSACTION
- control field: 20120924150246.0
008 - FIXED-LENGTH DATA ELEMENTS
- fixed length control field: 120924|||a|||||| | ||| d
040 ## - CATALOGING SOURCE
- Original cataloging agency: dpl
- Transcribing agency: dpl
100 ## - HEADING--PERSONAL NAME
- Personal name: Dutt, B.
670 ## - SOURCE DATA FOUND
- Source citation: Work cat.: (dpl): 52124, Education system in India /, 2012
670 ## - SOURCE DATA FOUND
- Source citation: Work cat.: (dpl): 52124, Education system in India /, 2012
